Annual review of UK shopping-centre performance 2005 (Record no. 77058)
[ view plain ]
| 000 -LEADER | |
|---|---|
| fixed length control field | 00994cab a2200181 4500 |
| 001 - CONTROL NUMBER | |
| control field | ##L133521 |
| 008 - FIXED-LENGTH DATA ELEMENTS--GENERAL INFORMATION | |
| fixed length control field | 060516n2005 000 0 eng u |
| 035 ## - SYSTEM CONTROL NUMBER | |
| System control number | (Sirsi) u133521 |
| 041 0# - LANGUAGE CODE | |
| Language code of text/sound track or separate title | eng |
| 100 1# - MAIN ENTRY--PERSONAL NAME | |
| Personal name | Duncan, Bryan |
| 245 00 - TITLE STATEMENT | |
| Title | Annual review of UK shopping-centre performance 2005 |
| 260 ## - PUBLICATION, DISTRIBUTION, ETC. | |
| Date of publication, distribution, etc. | 2005 |
| 490 #0 - SERIES STATEMENT | |
| Series statement | Journal of Retail and Leisure Property |
| Volume/sequential designation | 5(1) December 2005, 49-69(21) |
| 520 ## - SUMMARY, ETC. | |
| Summary, etc. | Summarises the performance of rental value and capital value growth, equivalent yields and total returns, puts the review in the context of 2004 performance, and looks at shopping-centre investment. Considers whether, with yield compression disappearing, there is enough in the pipeline to deliver total returns through improvements and developments. Examines asset management performance, and compares specialist and generalist funds. |
| 651 #4 - SUBJECT ADDED ENTRY--GEOGRAPHIC NAME | |
| Geographic name | United Kingdom |
| Chronological subdivision | |
| 690 ## - LOCAL SUBJECT ADDED ENTRY--TOPICAL TERM (OCLC, RLIN) | |
| Topical term or geographic name as entry element | PROPERTY-COMMERCIAL PROPERTY-RETAIL PROPERTY-SHOPPING CENTRE, MALL AND ARCADE PROPERTY |
| 942 ## - ADDED ENTRY ELEMENTS (KOHA) | |
| Suppress in OPAC | 0 |
| Withdrawn status | Lost status | Source of classification or shelving scheme | Damaged status | Not for loan | Home library | Current library | Shelving location | Date acquired | Total Checkouts | Full call number | Barcode | Date last seen | Copy number | Price effective from | Koha item type |
|---|---|---|---|---|---|---|---|---|---|---|---|---|---|---|---|
| Dewey Decimal Classification | London | London | Journal article | 16/05/2006 | L133521 | 133521-1001 | 06/08/2019 | 1 | 06/08/2019 | Journal article |